zpět

Detail výsledku týmu

U Pošty - Vinohrady ÚT, Praha

Datum a čas kvízu

33 Celkem bodů Celkový počet nahraných bodů na tomto kvízu bez doplňovacích otázek.
4. Pořadí na kvízu Konečné umístění týmu na tomto kvízu.

Zaznamenané odpovědi

# Otázka Odpověď Body Výsledky
1. Ve kterém českém městě se minu... v Plzni 1
2. Ve kterém městě byl minulý týd... v Abú Dhabí 1
3. Minulý týden jsme se dozvěděli... Francie 1
4. Který ostrovní stát zavedl jak... Island 1
5. V průběhu prosince probíhalo m... Luke Littler 0
6. Mezi nejúspěšnější sourozence... 2008; 2012 0
7. Sourozenci Taschlerovi nás rep... Natálie; Filip 0
8. Opomenout v tomto tématu nesmí... 7,5 km; 6 km 0.5
9. Nyní bude vaším úkolem napsat,... v akrobatickém lyžování (jízda v boulích) 0
10. Na závěr se podíváme na bratrs... B) Maďarsko 0